Legendys of hooly wummen / (Record no. 19963)
[ view plain ]
| 000 -LEADER | |
|---|---|
| fixed length control field | 01251nam a22003251 4500 |
| 001 - CONTROL NUMBER | |
| control field | 19963 |
| 003 - CONTROL NUMBER IDENTIFIER | |
| rucl marc code | BD-RjUL |
| 005 - DATE AND TIME OF LATEST TRANSACTION | |
| control field | 20211209000514.0 |
| 008 - FIXED-LENGTH DATA ELEMENTS--GENERAL INFORMATION | |
| fixed length control field | 140226s1938 enk b 001 1 enm |
| 035 ## - SYSTEM CONTROL NUMBER | |
| System control number | (BD-RjUL)20024 |
| System control number | (OCoLC)4181912 |
| 040 ## - CATALOGING SOURCE | |
| Original cataloging agency | DLC |
| Transcribing agency | OCX |
| Modifying agency | BD-RjUL |
| Language of cataloging | eng |
| 041 ## - LANGUAGE CODE | |
| Language code of text/sound track or separate title | eng |
| 082 04 - DEWEY DECIMAL CLASSIFICATION NUMBER | |
| Classification number | 821.29 |
| Author mark and year | BOL 1938 |
| 100 1# - MAIN ENTRY--PERSONAL NAME | |
| Personal name | Bokenham, Osbern |
| 9 (RLIN) | 61363 |
| 245 10 - TITLE STATEMENT | |
| Title | Legendys of hooly wummen / |
| Statement of responsibility, etc. | Osbern Bokenham; edited from ms. Arundel 327 by Mary S. Serjeantson |
| 260 ## - PUBLICATION, DISTRIBUTION, ETC. (IMPRINT) | |
| Place of publication, distribution, etc. | London : |
| Name of publisher, distributor, etc. | Pub. for the Early English Text Society by H. Milford, Oxford University Press, |
| Date of publication, distribution, etc. | l938. |
| 300 ## - PHYSICAL DESCRIPTION | |
| Pagination | (Various pageins) ; |
| Size | 22 cm. |
| 490 0# - SERIES STATEMENT | |
| Series statement | Early English Text Society. Original series, no. 206. 1938 (for 1936) |
| 500 ## - GENERAL NOTE | |
| General note | Legends compiled from the Legenda aurea and other sources. |
| General note | Early English text society's list of publications, etc. (8 p.) at end. |
| 504 ## - BIBLIOGRAPHY, ETC. NOTE | |
| Bibliography, etc | Include bibliography and index. |
| 650 #0 - SUBJECT ADDED ENTRY--TOPICAL TERM | |
| Topical term or geographic name as entry element | Women saints. |
| 9 (RLIN) | 61269 |
| Topical term or geographic name as entry element | Legends. |
| 9 (RLIN) | 61364 |
| 700 1# - ADDED ENTRY--PERSONAL NAME | |
| Personal name | Serjeantson, Mary S. |
| Fuller form of name | (Mary Sidney), |
| Dates associated with a name | 1896- |
| Relator term | ed. |
| Personal name | Jacobus, |
| Dates associated with a name | approximately 1229-1298. |
| 942 ## - ADDED ENTRY ELEMENTS (KOHA) | |
| Source of classification or shelving scheme | Dewey Decimal Classification |
| Koha item type | Books |
| Lost status | Source of classification or shelving scheme | Damaged status | Not for loan | Collection code | Permanent Location | Current Location | Shelving location | Date acquired | Source of acquisition | Cost, normal purchase price | Total Checkouts | Full call number | Date last seen | Copy number | Koha item type |
|---|---|---|---|---|---|---|---|---|---|---|---|---|---|---|---|
| Dewey Decimal Classification | Not For Loan | Fiction | Central Library, University of Rajshahi | Central Library, University of Rajshahi | Reading Room | 06/11/1956 | B.H.blackwell | 1.16 | 821.29 BOL 1938 | 26/02/2014 | C-1 | Books |